| 000 | 00665cab a22001935a 4500 | ||
|---|---|---|---|
| 001 | L140994 | ||
| 008 | 071024e2007 xxka f 000 0 eng d | ||
| 035 | _a(Sirsi) u140994 | ||
| 041 | 0 | _aeng | |
| 100 | 1 | _aReeves, Richard | |
| 245 | 0 | 0 | _aEthical evangelists |
| 260 | _c2007 | ||
| 490 |
_aManagement Today _vOctober 2007, 34-37(3) |
||
| 520 | _aDiscusses the development of Corporate Social Responsibility (CSR). Identifies key trends and asks whether the CSR movement can achieve its more ambitious aims. | ||
| 590 | _aka | ||
| 651 | 4 | _aInternational | |
| 690 | _aMANAGEMENT-BUSINESS MANAGEMENT-BUSINESS ETHICS-CORPORATE SOCIAL RESPONSIBILITY | ||
| 942 | _n0 | ||
| 999 |
_c79408 _d79408 |
||